| 000 | 00647cam a2200193 4500 | ||
|---|---|---|---|
| 001 | WB3623-09 | ||
| 008 | 000000n2000 000 0 eng u | ||
| 035 | _a(Sirsi) u106448 | ||
| 245 | _a£100m shopping mall plan thrown out | ||
| 260 | _c2000 | ||
| 490 |
_aScotsman _v 9 June 2000, 7(2) |
||
| 520 | _aScottish ministers have rejected a £100m shopping mall underneath Princes Street in Edinburgh. It was agreed the plan would harm the city's historic centre. | ||
| 590 | _aWB | ||
| 650 | _aEDINBURGH | ||
| 650 | _aSHOPPING DEVELOPMENT | ||
| 650 | _aHISTORIC AREAS | ||
| 690 | _aPROPERTY-COMMERCIAL PROPERTY-RETAIL PROPERTY | ||
| 942 | _n0 | ||
| 999 |
_c63761 _d63761 |
||